[Event "DEM U12 2025"]
[Site "Willingen GER"]
[Date "2025.06.10"]
[Round "4"]
[White "Rusch, Levi Adrian"]
[Black "Fattori Dittmar, Luca"]
[Result "0-1"]
[Termination "normal"]
[Board "27"]
[WhiteElo "1660"]
[BlackElo "1671"]
[WhiteClock "00:43:39"]
[BlackClock "01:26:23"]
[PlyCount "94"]
[WhiteFideId "34660224"]
[BlackFideId "34678883"]
[EventCountry "GER"]
[EventRounds "9"]
[EventType "swiss"]
[EventDate "2025.06.07"]

1. d4 {[%clk 01:30:57]} {[%emt 00:00:03]} Nf6 {[%clk 01:30:46]} {[%emt
00:00:14]} 2. Nc3 {[%clk 01:31:23]} {[%emt 00:00:05]} d5 {[%clk 01:30:59]}
{[%emt 00:00:16]} 3. Bf4 {[%clk 01:31:48]} {[%emt 00:00:05]} e6 {[%clk
01:31:10]} {[%emt 00:00:19]} 4. e3 {[%clk 01:32:12]} {[%emt 00:00:05]} Bb4
{[%clk 01:31:36]} {[%emt 00:00:05]} 5. Nf3 {[%clk 01:31:46]} {[%emt 00:00:55]}
Ne4 {[%clk 01:31:53]} {[%emt 00:00:14]} 6. Qd3 {[%clk 01:31:26]} {[%emt
00:00:50]} c5 {[%clk 01:32:16]} {[%emt 00:00:07]} 7. dxc5 {[%clk 01:30:10]}
{[%emt 00:01:46]} Qa5 {[%clk 01:31:03]} {[%emt 00:01:44]} 8. Be5 {[%clk
01:20:08]} {[%emt 00:10:31]} f6 {[%clk 01:30:41]} {[%emt 00:00:53]} 9. Bd4
{[%clk 01:14:30]} {[%emt 00:06:07]} Nc6 {[%clk 01:30:48]} {[%emt 00:00:23]} 10.
a3 {[%clk 01:13:58]} {[%emt 00:01:02]} Nxd4 {[%clk 01:30:51]} {[%emt 00:00:26]}
11. Nxd4 {[%clk 01:08:49]} {[%emt 00:05:40]} Nxc3 {[%clk 01:29:57]} {[%emt
00:01:25]} 12. Nb3 {[%clk 01:08:39]} {[%emt 00:00:40]} Ne4+ {[%clk 01:29:33]}
{[%emt 00:00:53]} 13. axb4 {[%clk 01:08:04]} {[%emt 00:01:04]} Qxb4+ {[%clk
01:29:54]} {[%emt 00:00:10]} 14. Nd2 {[%clk 01:04:57]} {[%emt 00:03:37]} O-O
{[%clk 01:29:21]} {[%emt 00:01:03]} 15. Be2 {[%clk 01:03:15]} {[%emt 00:02:11]}
Qxb2 {[%clk 01:27:08]} {[%emt 00:02:44]} 16. O-O {[%clk 01:02:24]} {[%emt
00:01:20]} Nxc5 {[%clk 01:27:10]} {[%emt 00:00:29]} 17. Qd4 {[%clk 01:00:47]}
{[%emt 00:02:07]} Qxd4 {[%clk 01:26:24]} {[%emt 00:01:16]} 18. exd4 {[%clk
01:01:08]} {[%emt 00:00:09]} Ne4 {[%clk 01:26:10]} {[%emt 00:00:45]} 19. Nxe4
{[%clk 01:01:27]} {[%emt 00:00:11]} dxe4 {[%clk 01:26:35]} {[%emt 00:00:04]}
20. Bc4 {[%clk 01:01:55]} {[%emt 00:00:02]} Bd7 {[%clk 01:25:55]} {[%emt
00:01:10]} 21. d5 {[%clk 01:01:40]} {[%emt 00:00:45]} e5 {[%clk 01:25:11]}
{[%emt 00:01:14]} 22. d6+ {[%clk 01:00:55]} {[%emt 00:01:15]} Kh8 {[%clk
01:25:35]} {[%emt 00:00:06]} 23. Bd5 {[%clk 01:01:17]} {[%emt 00:00:08]} Bc6
{[%clk 01:26:00]} {[%emt 00:00:05]} 24. Bxc6 {[%clk 01:01:13]} {[%emt
00:00:34]} bxc6 {[%clk 01:26:25]} {[%emt 00:00:05]} 25. Ra6 {[%clk 01:00:41]}
{[%emt 00:01:02]} Rfc8 {[%clk 01:25:21]} {[%emt 00:01:34]} 26. Rd1 {[%clk
01:00:06]} {[%emt 00:01:05]} Kg8 {[%clk 01:25:15]} {[%emt 00:00:35]} 27. h4
{[%clk 00:58:00]} {[%emt 00:02:37]} Kf7 {[%clk 01:25:07]} {[%emt 00:00:38]} 28.
d7 {[%clk 00:56:44]} {[%emt 00:01:46]} Rd8 {[%clk 01:25:30]} {[%emt 00:00:07]}
29. Rxc6 {[%clk 00:56:04]} {[%emt 00:01:09]} Ke7 {[%clk 01:25:42]} {[%emt
00:00:19]} 30. Rc4 {[%clk 00:55:58]} {[%emt 00:00:36]} Rxd7 {[%clk 01:25:40]}
{[%emt 00:00:32]} 31. Rxd7+ {[%clk 00:56:19]} {[%emt 00:00:09]} Kxd7 {[%clk
01:26:06]} {[%emt 00:00:04]} 32. Rxe4 {[%emt 00:00:08]} a5 {[%clk 01:26:28]}
{[%emt 00:00:07]} 33. Kf1 {[%clk 00:55:01]} {[%emt 00:02:10]} a4 {[%clk
01:26:53]} {[%emt 00:00:06]} 34. Re1 {[%clk 00:55:17]} {[%emt 00:00:14]} Kc6
{[%clk 01:26:50]} {[%emt 00:00:33]} 35. Ke2 {[%clk 00:53:12]} {[%emt 00:02:35]}
Kc5 {[%clk 01:26:48]} {[%emt 00:00:30]} 36. Kd3 {[%clk 00:51:19]} {[%emt
00:02:24]} Kb4 {[%clk 01:26:37]} {[%emt 00:00:42]} 37. c3+ {[%clk 00:51:03]}
{[%emt 00:00:46]} Kb3 {[%clk 01:26:54]} {[%emt 00:00:13]} 38. Rb1+ {[%clk
00:51:10]} {[%emt 00:00:23]} Ka2 {[%clk 01:27:17]} {[%emt 00:00:07]} 39. Kc2
{[%clk 00:50:00]} {[%emt 00:01:39]} a3 {[%clk 01:26:15]} {[%emt 00:01:33]} 40.
Rd1 {[%clk 00:49:55]} {[%emt 00:00:34]} Rb8 {[%clk 01:26:21]} {[%emt 00:00:23]}
41. Rc1 {[%clk 00:47:27]} {[%emt 00:02:59]} Rb2 {[%clk 01:26:39]} {[%emt
00:00:12]} 42. Kd3 {[%clk 00:46:05]} {[%emt 00:01:52]} Rb1 {[%clk 01:26:00]}
{[%emt 00:01:09]} 43. Rc2+ {[%clk 00:45:03]} {[%emt 00:01:33]} Kb3 {[%clk
01:26:17]} {[%emt 00:00:13]} 44. Rd2 {[%clk 00:42:47]} {[%emt 00:02:45]} a2
{[%clk 01:25:45]} {[%emt 00:01:03]} 45. Rxa2 {[%clk 00:43:11]} {[%emt
00:00:07]} Kxa2 {[%clk 01:26:10]} {[%emt 00:00:04]} 46. Kc4 {[%clk 00:43:29]}
{[%emt 00:00:11]} Rb2 {[%clk 01:26:26]} {[%emt 00:00:14]} 47. Kd5 {[%clk
00:43:39]} {[%emt 00:00:20]} Kb3 {[%clk 01:26:23]} {[%emt 00:00:34]} 0-1

[Event "DEM U12 2025"]
[Site "Willingen GER"]
[Date "2025.06.10"]
[Round "4"]
[White "Vilain, Philip"]
[Black "Ishcenko, Volodymyr"]
[Result "1/2-1/2"]
[Termination "normal"]
[Board "28"]
[WhiteElo "1791"]
[BlackElo "1528"]
[WhiteClock "00:31:45"]
[BlackClock "00:00:32"]
[PlyCount "65"]
[WhiteFideId "34662820"]
[BlackFideId "34660208"]
[EventCountry "GER"]
[EventRounds "9"]
[EventType "swiss"]
[EventDate "2025.06.07"]

1. e4 {[%clk 01:30:53]} {[%emt 00:00:07]} e5 {[%clk 01:30:53]} {[%emt
00:00:08]} 2. Nf3 {[%clk 01:30:50]} {[%emt 00:00:31]} Nc6 {[%clk 01:31:17]}
{[%emt 00:00:07]} 3. Nc3 {[%clk 01:30:36]} {[%emt 00:00:44]} Bc5 {[%clk
01:31:38]} {[%emt 00:00:09]} 4. Nxe5 {[%clk 01:30:38]} {[%emt 00:00:28]} Bxf2+
{[%clk 01:29:18]} {[%emt 00:02:50]} 5. Kxf2 {[%clk 01:29:53]} {[%emt 00:01:16]}
Nxe5 {[%clk 01:29:38]} {[%emt 00:00:08]} 6. d4 {[%clk 01:29:04]} {[%emt
00:01:20]} Ng6 {[%clk 01:29:50]} {[%emt 00:00:16]} 7. Bc4 {[%clk 01:27:25]}
{[%emt 00:02:10]} d6 {[%clk 01:26:47]} {[%emt 00:03:33]} 8. Rf1 {[%clk
01:25:10]} {[%emt 00:02:46]} Qh4+ {[%clk 01:04:48]} {[%emt 00:22:21]} 9. Kg1
{[%clk 01:20:14]} {[%emt 00:05:34]} Nf6 {[%clk 00:57:37]} {[%emt 00:07:40]} 10.
Bd2 {[%clk 01:12:24]} {[%emt 00:08:21]} O-O {[%clk 00:42:15]} {[%emt 00:15:52]}
11. Qe1 {[%clk 00:59:57]} {[%emt 00:12:52]} Qxe1 {[%clk 00:31:36]} {[%emt
00:11:10]} 12. Raxe1 {[%clk 00:56:31]} {[%emt 00:04:01]} c5 {[%clk 00:28:18]}
{[%emt 00:03:48]} 13. e5 {[%clk 00:50:03]} {[%emt 00:06:58]} dxe5 {[%clk
00:20:18]} {[%emt 00:08:30]} 14. dxe5 {[%clk 00:48:18]} {[%emt 00:02:14]} Ng4
{[%clk 00:18:46]} {[%emt 00:01:58]} 15. e6 {[%clk 00:47:07]} {[%emt 00:01:45]}
Bxe6 {[%clk 00:10:43]} {[%emt 00:08:33]} 16. Bxe6 {[%clk 00:43:48]} {[%emt
00:03:49]} fxe6 {[%clk 00:11:00]} {[%emt 00:00:12]} 17. h3 {[%clk 00:40:44]}
{[%emt 00:03:35]} Rxf1+ {[%emt 00:06:50]} 18. Kxf1 {[%clk 00:39:28]} {[%emt
00:00:04]} Rf8+ {[%clk 00:00:32]} {[%emt 00:06:20]} 19. Kg1 {[%clk 00:38:49]}
{[%emt 00:01:08]} N4e5 {[%emt 00:02:39]} 20. Na4 {[%clk 00:37:10]} {[%emt
00:00:01]} b6 {[%clk 00:00:32]} {[%emt 00:00:31]} 21. Bc3 {[%clk 00:36:41]}
{[%emt 00:00:58]} Rf5 {[%clk 00:00:32]} {[%emt 00:00:31]} 22. g4 {[%clk
00:36:17]} {[%emt 00:00:53]} Rg5 {[%clk 00:00:32]} {[%emt 00:00:30]} 23. Kf2
{[%clk 00:35:26]} {[%emt 00:01:18]} Nc4 {[%clk 00:00:31]} {[%emt 00:00:34]} 24.
Re4 {[%clk 00:34:23]} {[%emt 00:01:32]} b5 {[%clk 00:00:32]} {[%emt 00:00:31]}
25. b3 {[%clk 00:31:39]} {[%emt 00:03:14]} bxa4 {[%clk 00:00:33]} {[%emt
00:00:29]} 26. Rxc4 {[%clk 00:31:38]} {[%emt 00:00:27]} axb3 {[%clk 00:00:34]}
{[%emt 00:00:33]} 27. axb3 {[%clk 00:31:57]} {[%emt 00:00:11]} Ne5 {[%clk
00:00:32]} {[%emt 00:00:32]} 28. Ra4 {[%clk 00:31:49]} {[%emt 00:00:37]} Nc6
{[%clk 00:00:32]} {[%emt 00:00:31]} 29. Ra6 {[%clk 00:31:24]} {[%emt 00:00:52]}
Nd4 {[%clk 00:00:31]} {[%emt 00:00:34]} 30. Bxd4 {[%clk 00:31:34]} {[%emt
00:00:20]} cxd4 {[%clk 00:00:48]} {[%emt 00:00:13]} 31. Rxe6 {[%clk 00:31:48]}
{[%emt 00:00:15]} Rc5 {[%clk 00:00:32]} {[%emt 00:00:45]} 32. Re2 {[%clk
00:32:00]} {[%emt 00:00:17]} Rc3 {[%clk 00:00:32]} {[%emt 00:00:31]} 33. h4
{[%clk 00:31:45]} {[%emt 00:00:46]} 1/2-1/2

[Event "DEM U12 2025"]
[Site "Willingen GER"]
[Date "2025.06.10"]
[Round "4"]
[White "Betz, Niclas"]
[Black "Wettstein, Levin"]
[Result "0-1"]
[Termination "normal"]
[Board "29"]
[WhiteElo "1678"]
[BlackElo "1760"]
[WhiteClock "00:09:16"]
[BlackClock "00:18:37"]
[PlyCount "93"]
[WhiteFideId "34616748"]
[BlackFideId "34635866"]
[EventCountry "GER"]
[EventRounds "9"]
[EventType "swiss"]
[EventDate "2025.06.07"]

1. e4 {[%clk 01:30:58]} {[%emt 00:00:01]} e5 {[%clk 01:30:56]} {[%emt
00:00:05]} 2. Nf3 {[%clk 01:31:22]} {[%emt 00:00:07]} Nc6 {[%clk 01:31:21]}
{[%emt 00:00:04]} 3. d4 {[%clk 01:31:46]} {[%emt 00:00:06]} exd4 {[%clk
01:31:46]} {[%emt 00:00:05]} 4. Nxd4 {[%clk 01:32:07]} {[%emt 00:00:09]} Nf6
{[%clk 01:32:10]} {[%emt 00:00:06]} 5. Nxc6 {[%clk 01:32:29]} {[%emt 00:00:07]}
bxc6 {[%clk 01:32:31]} {[%emt 00:00:09]} 6. e5 {[%clk 01:32:48]} {[%emt
00:00:11]} Qe7 {[%clk 01:32:44]} {[%emt 00:00:17]} 7. Qe2 {[%clk 01:33:17]}
{[%emt 00:00:01]} Nd5 {[%clk 01:33:05]} {[%emt 00:00:09]} 8. h4 {[%clk
01:33:41]} {[%emt 00:00:07]} h5 {[%clk 01:29:12]} {[%emt 00:04:23]} 9. Bg5
{[%clk 01:33:46]} {[%emt 00:00:25]} Qe6 {[%clk 01:25:31]} {[%emt 00:04:11]} 10.
c4 {[%clk 01:28:17]} {[%emt 00:05:58]} Nb6 {[%clk 01:24:37]} {[%emt 00:01:24]}
11. Nd2 {[%clk 01:20:52]} {[%emt 00:07:56]} Be7 {[%clk 01:22:38]} {[%emt
00:02:29]} 12. Bxe7 {[%clk 01:19:00]} {[%emt 00:02:22]} Qxe7 {[%clk 01:22:58]}
{[%emt 00:00:10]} 13. O-O-O {[%clk 01:18:51]} {[%emt 00:00:39]} Ba6 {[%clk
01:20:19]} {[%emt 00:03:09]} 14. Re1 {[%clk 01:09:03]} {[%emt 00:10:18]} Rb8
{[%clk 01:15:53]} {[%emt 00:04:55]} 15. Qe4 {[%clk 01:01:52]} {[%emt 00:07:41]}
g6 {[%clk 01:10:41]} {[%emt 00:05:42]} 16. f3 {[%clk 00:56:38]} {[%emt
00:05:44]} Qb4 {[%clk 01:03:22]} {[%emt 00:07:49]} 17. a3 {[%clk 00:51:48]}
{[%emt 00:05:18]} Qe7 {[%clk 01:00:30]} {[%emt 00:03:23]} 18. b4 {[%clk
00:45:34]} {[%emt 00:06:45]} c5 {[%clk 00:58:35]} {[%emt 00:02:25]} 19. b5
{[%clk 00:44:45]} {[%emt 00:01:19]} Bb7 {[%clk 00:58:22]} {[%emt 00:00:43]} 20.
Qe3 {[%clk 00:45:08]} {[%emt 00:00:07]} a6 {[%clk 00:57:44]} {[%emt 00:01:09]}
21. Qc3 {[%clk 00:40:53]} {[%emt 00:04:45]} Qe6 {[%clk 00:50:37]} {[%emt
00:07:35]} 22. g3 {[%clk 00:33:59]} {[%emt 00:07:24]} Rf8 {[%clk 00:49:21]}
{[%emt 00:01:47]} 23. Bh3 {[%clk 00:32:55]} {[%emt 00:01:34]} Qe7 {[%clk
00:49:27]} {[%emt 00:00:23]} 24. Ne4 {[%clk 00:33:07]} {[%emt 00:00:19]} Bxe4
{[%clk 00:49:16]} {[%emt 00:00:41]} 25. Rxe4 {[%clk 00:32:44]} {[%emt
00:00:54]} axb5 {[%clk 00:48:53]} {[%emt 00:00:52]} 26. cxb5 {[%clk 00:32:10]}
{[%emt 00:01:04]} c4 {[%clk 00:47:31]} {[%emt 00:01:52]} 27. Rd1 {[%clk
00:31:55]} {[%emt 00:00:45]} Ra8 {[%clk 00:46:10]} {[%emt 00:01:52]} 28. Re3
{[%clk 00:21:33]} {[%emt 00:10:51]} Ra7 {[%clk 00:44:00]} {[%emt 00:02:41]} 29.
f4 {[%clk 00:18:41]} {[%emt 00:03:22]} Ra8 {[%clk 00:38:05]} {[%emt 00:06:24]}
30. Rd6 {[%clk 00:13:18]} {[%emt 00:05:54]} Kd8 {[%clk 00:30:41]} {[%emt
00:07:52]} 31. Rd2 {[%clk 00:12:29]} {[%emt 00:01:20]} Ke8 {[%clk 00:29:57]}
{[%emt 00:01:15]} 32. f5 {[%clk 00:11:48]} {[%emt 00:01:11]} gxf5 {[%clk
00:27:45]} {[%emt 00:02:41]} 33. Bxf5 {[%clk 00:11:53]} {[%emt 00:00:24]} Rg8
{[%clk 00:26:35]} {[%emt 00:01:41]} 34. Be4 {[%clk 00:10:33]} {[%emt 00:01:50]}
Rd8 {[%clk 00:26:14]} {[%emt 00:00:52]} 35. Bd5 {[%clk 00:10:54]} {[%emt
00:00:09]} Nxd5 {[%clk 00:25:37]} {[%emt 00:01:06]} 36. Rxd5 {[%clk 00:11:16]}
{[%emt 00:00:08]} Ra8 {[%clk 00:25:21]} {[%emt 00:00:45]} 37. Rd4 {[%clk
00:11:26]} {[%emt 00:00:21]} Rg4 {[%clk 00:22:42]} {[%emt 00:03:09]} 38. Rxg4
{[%clk 00:10:38]} {[%emt 00:01:18]} hxg4 {[%clk 00:22:57]} {[%emt 00:00:15]}
39. h5 {[%clk 00:10:49]} {[%emt 00:00:19]} Qg5 {[%clk 00:22:56]} {[%emt
00:00:31]} 40. e6 {[%clk 00:10:23]} {[%emt 00:00:55]} fxe6 {[%clk 00:22:28]}
{[%emt 00:00:59]} 41. Kb2 {[%clk 00:08:55]} {[%emt 00:01:58]} Qxb5+ {[%clk
00:21:14]} {[%emt 00:01:44]} 42. Ka2 {[%clk 00:07:33]} {[%emt 00:01:53]} Qxh5
{[%clk 00:20:19]} {[%emt 00:01:24]} 43. Qxc4 {[%clk 00:07:51]} {[%emt
00:00:12]} Qh2+ {[%clk 00:19:08]} {[%emt 00:01:41]} 44. Kb3 {[%clk 00:08:11]}
{[%emt 00:00:09]} Rb8+ {[%clk 00:18:24]} {[%emt 00:01:15]} 45. Kc3 {[%clk
00:08:26]} {[%emt 00:00:15]} Qb2+ {[%clk 00:18:22]} {[%emt 00:00:32]} 46. Kd3
{[%clk 00:08:47]} {[%emt 00:00:08]} Rb3+ {[%clk 00:18:37]} {[%emt 00:00:16]}
47. Ke4 {[%clk 00:09:16]} {[%emt 00:00:01]} 0-1

[Event "DEM U12 2025"]
[Site "Willingen GER"]
[Date "2025.06.10"]
[Round "4"]
[White "König, Lian"]
[Black "Nikonenko, Tymofii"]
[Result "1/2-1/2"]
[Termination "normal"]
[Board "31"]
[WhiteElo "1450"]
[BlackElo "1495"]
[WhiteClock "00:29:20"]
[BlackClock "00:51:07"]
[PlyCount "86"]
[WhiteFideId "34660216"]
[BlackFideId "34166246"]
[EventCountry "GER"]
[EventRounds "9"]
[EventType "swiss"]
[EventDate "2025.06.07"]

1. Nf3 {[%clk 01:30:58]} {[%emt 00:00:02]} Nf6 {[%clk 01:30:52]} {[%emt
00:00:08]} 2. g3 {[%clk 01:31:22]} {[%emt 00:00:06]} g6 {[%clk 01:31:19]}
{[%emt 00:00:04]} 3. Bg2 {[%clk 01:31:44]} {[%emt 00:00:07]} Bg7 {[%clk
01:31:41]} {[%emt 00:00:09]} 4. O-O {[%clk 01:32:06]} {[%emt 00:00:08]} O-O
{[%clk 01:32:08]} {[%emt 00:00:03]} 5. d4 {[%clk 01:32:07]} {[%emt 00:00:28]}
d5 {[%clk 01:31:52]} {[%emt 00:00:46]} 6. c4 {[%clk 01:30:51]} {[%emt
00:01:46]} e6 {[%clk 01:32:14]} {[%emt 00:00:09]} 7. Nc3 {[%clk 01:29:27]}
{[%emt 00:01:53]} Nbd7 {[%clk 01:31:23]} {[%emt 00:01:21]} 8. b3 {[%clk
01:24:09]} {[%emt 00:05:49]} b6 {[%clk 01:27:20]} {[%emt 00:04:33]} 9. Bb2
{[%clk 01:22:58]} {[%emt 00:01:40]} Bb7 {[%clk 01:22:35]} {[%emt 00:05:16]} 10.
Rc1 {[%clk 01:15:26]} {[%emt 00:08:01]} c5 {[%clk 01:22:30]} {[%emt 00:00:36]}
11. e3 {[%clk 01:11:24]} {[%emt 00:04:32]} Rb8 {[%clk 01:18:59]} {[%emt
00:04:01]} 12. Qe2 {[%clk 01:05:19]} {[%emt 00:06:33]} Ne8 {[%clk 01:16:47]}
{[%emt 00:02:42]} 13. dxc5 {[%clk 00:58:12]} {[%emt 00:07:38]} Nxc5 {[%clk
01:16:37]} {[%emt 00:00:40]} 14. cxd5 {[%clk 00:57:15]} {[%emt 00:01:26]} Bxd5
{[%clk 01:14:42]} {[%emt 00:02:25]} 15. Rfd1 {[%clk 00:55:00]} {[%emt
00:02:46]} Bxc3 {[%clk 01:14:12]} {[%emt 00:00:59]} 16. Bxc3 {[%clk 00:52:41]}
{[%emt 00:02:49]} Qe7 {[%clk 01:10:37]} {[%emt 00:04:05]} 17. Be5 {[%clk
00:47:20]} {[%emt 00:05:51]} Rd8 {[%clk 01:08:23]} {[%emt 00:02:45]} 18. Ba1
{[%clk 00:42:03]} {[%emt 00:05:46]} f6 {[%clk 01:07:30]} {[%emt 00:01:24]} 19.
Nd4 {[%clk 00:40:02]} {[%emt 00:02:30]} Bxg2 {[%clk 01:06:37]} {[%emt
00:01:23]} 20. Kxg2 {[%clk 00:40:20]} {[%emt 00:00:12]} Qb7+ {[%clk 01:06:38]}
{[%emt 00:00:29]} 21. Kg1 {[%clk 00:40:34]} {[%emt 00:00:15]} e5 {[%clk
01:06:34]} {[%emt 00:00:36]} 22. Nb5 {[%clk 00:35:11]} {[%emt 00:05:53]} Ng7
{[%clk 00:57:14]} {[%emt 00:09:50]} 23. f4 {[%clk 00:29:37]} {[%emt 00:06:04]}
exf4 {[%clk 00:53:31]} {[%emt 00:04:12]} 24. Rxd8 {[%clk 00:23:40]} {[%emt
00:06:28]} Rxd8 {[%clk 00:52:58]} {[%emt 00:01:02]} 25. Bxf6 {[%clk 00:23:08]}
{[%emt 00:01:02]} Rf8 {[%clk 00:50:10]} {[%emt 00:03:19]} 26. Bxg7 {[%clk
00:20:34]} {[%emt 00:03:03]} f3 {[%clk 00:50:14]} {[%emt 00:00:27]} 27. Qc4+
{[%clk 00:19:15]} {[%emt 00:01:49]} Kxg7 {[%clk 00:47:22]} {[%emt 00:03:21]}
28. Qd4+ {[%clk 00:18:37]} {[%emt 00:01:07]} Kg8 {[%clk 00:45:44]} {[%emt
00:02:09]} 29. Qc4+ {[%clk 00:18:35]} {[%emt 00:00:31]} Kg7 {[%clk 00:45:14]}
{[%emt 00:01:01]} 30. Qd4+ {[%clk 00:18:56]} {[%emt 00:00:09]} Rf6 {[%clk
00:43:26]} {[%emt 00:02:18]} 31. Rf1 {[%clk 00:13:50]} {[%emt 00:05:31]} Ne4
{[%clk 00:41:22]} {[%emt 00:02:40]} 32. Rxf3 {[%clk 00:12:10]} {[%emt
00:02:10]} Qc6 {[%clk 00:33:47]} {[%emt 00:08:04]} 33. Rxf6 {[%clk 00:10:44]}
{[%emt 00:01:55]} Nxf6 {[%clk 00:34:09]} {[%emt 00:00:09]} 34. Nc3 {[%clk
00:07:01]} {[%emt 00:04:13]} a5 {[%clk 00:31:47]} {[%emt 00:02:53]} 35. g4
{[%clk 00:05:32]} {[%emt 00:01:59]} Kf7 {[%clk 00:31:31]} {[%emt 00:00:45]} 36.
g5 {[%clk 00:04:23]} {[%emt 00:01:39]} Ng8 {[%clk 00:30:18]} {[%emt 00:01:43]}
37. Qd5+ {[%clk 00:02:50]} {[%emt 00:02:03]} Qxd5 {[%clk 00:30:27]} {[%emt
00:00:22]} 38. Nxd5 {[%clk 00:03:12]} {[%emt 00:00:08]} b5 {[%clk 00:30:50]}
{[%emt 00:00:06]} 39. Nf4 {[%clk 00:01:11]} {[%emt 00:02:32]} Ne7 {[%clk
00:30:04]} {[%emt 00:01:16]} 40. e4 {[%clk 00:00:53]} {[%emt 00:00:47]} Nc6
{[%clk 00:30:18]} {[%emt 00:00:16]} 41. Nd3 {[%clk 00:01:04]} {[%emt 00:00:20]}
Ke6 {[%clk 00:29:49]} {[%emt 00:00:59]} 42. Kf2 {[%clk 00:00:36]} {[%emt
00:00:58]} Kd6 {[%clk 00:23:46]} {[%emt 00:06:32]} 43. Ke3 {[%clk 00:29:20]}
{[%emt 00:01:45]} Ke6 {[%clk 00:51:07]} 1/2-1/2